Pays d'Amérique. (mort-subite) - Statistiques

Statistiques générales
  • Ce quiz a été pris 476 fois
  • Le résultat moyen est 14 sur 15
Answers on the Grid
Answers color-coded by a green-red scale on the quiz's grid according to % correct below.
Brésil
Argentine
Suède
Congo
Afrique du sud
Paraguay
Chine
Etats-unis
Russie
Espagne
Bolivie
Canada
Guatemala
Cuba
Irlande
Islande
Yemen
Egypte
Oman
Qatar
Suriname
Palestine
Equateur
Mexique
Norvège
Finlande
Austarlie
Colombie
Arabie Saoudite
Bahamas
Chili
Barbade
 
Statistiques - réponses
Réponse % Correct
Argentine
98%
Mexique
98%
Paraguay
98%
Brésil
97%
Chili
97%
Colombie
97%
Cuba
97%
Bahamas
96%
Bolivie
96%
Equateur
96%
Etats-unis
96%
Guatemala
96%
Barbade
93%
Canada
93%
Suriname
93%
Aucun quiz correspondant
Distribution des résultats
% des personnes avec chaque résultat
Percentile par nombre de réponses
Votre historique - résultats
Vous n’avez pas pris ce quiz